Risk and Crisis Management in the Public Sector
Saved in:
| Main Author: | |
|---|---|
| Other Authors: | , |
| Format: | Book |
| Language: | English |
| Published: |
Abingdon
Routledge/Taylor & Francis Group
2015
|
| Edition: | 2nd Edition |
| Series: | Routledge Masters in Public Management
|
| Subjects: | |
| Tags: |
No Tags, Be the first to tag this record!
|
MARC
| LEADER | 00000nam a2200000 4500 | ||
|---|---|---|---|
| 001 | 0273133 | ||
| 005 | 20240312120001.5 | ||
| 020 | |a 978-0-415-73969-6 | ||
| 020 | |a 978-0-415-73968-9 | ||
| 020 | |a 978-1-315-81645-6 | ||
| 041 | 0 | |a eng | |
| 044 | |a GB | ||
| 245 | 1 | 0 | |a Risk and Crisis Management in the Public Sector |c Lynn T. Drennan, Allan McConnell and Alastair Stark |
| 250 | |a 2nd Edition | ||
| 264 | 1 | |a Abingdon |b Routledge/Taylor & Francis Group |c 2015 | |
| 300 | |a 263 s. | ||
| 490 | 1 | |a Routledge Masters in Public Management | |
| 830 | 0 | |a Routledge Masters in Public Management | |
| 610 | 2 | 0 | |a sektor verejný |
| 610 | 2 | 0 | |a riziko |
| 610 | 2 | 0 | |a kríza |
| 610 | 2 | 0 | |a riadenie rizík |
| 100 | 1 | |a Drennan, Lynn T. | |
| 700 | 1 | |a McConnell, Allan | |
| 700 | 1 | |a Stark, Alastair | |